[Event "Wch U16"]
[Site "Florianopolis"]
[Date "2024.11.06"]
[Round "8"]
[White "Paladines Pinzon, Samuel"]
[Black "Atiencia Penaloza, Cristian Damian"]
[Result "1-0"]
[WhiteElo "2032"]
[BlackElo "1680"]
[PlyCount "93"]
[EventDate "2024.10.29"]
[EventType "swiss"]
[EventRounds "11"]
[EventCountry "BRA"]
[SourceTitle "CB45_2024"]
[Source "ChessBase"]
[SourceDate "2024.11.06"]
[SourceVersion "1"]
[SourceVersionDate "2024.11.06"]
[SourceQuality "1"]

1. d4 g6 2. e4 Bg7 3. c4 c5 4. Nf3 cxd4 5. Nxd4 Nc6 6. Be3 Nf6 7. Nc3 d6 8. Be2 0-0 9. f3 Nxd4 10. Bxd4 Be6 11. Qd2 Qa5 12. g4 Rfc8 13. b3 Nd7 14. Bxg7 Kxg7 15. f4 f6 16. h4 Bf7 17. g5 e6 18. Rh3 Qc5 19. 0-0-0 d5 20. Kb2 fxg5 21. hxg5 Nb6 22. Nb5 dxc4 23. Qc3+ e5 24. Qxe5+ Qxe5+ 25. fxe5 cxb3 26. axb3 Rc5 27. Nd6 Bg8 28. Rc3 Rxe5 29. Rc7+ Kh8 30. Rh1 Rf8 31. Rh2 Rxg5 32. Rxb7 h5 33. Rxa7 Nc8 34. Ra8 Nxd6 35. Rxf8 Kg7 36. Rf4 Rg3 37. Rf3 Nxe4 38. Rxg3 Nxg3 39. Bc4 Bxc4 40. bxc4 g5 41. c5 Kf6 42. c6 Ke7 43. Rd2 Ne4 44. c7 Nxd2 45. c8Q Ne4 46. Qf5 Nf6 47. Qxg5 1-0

[Event "Wch U16"]
[Site "Florianopolis"]
[Date "2024.11.05"]
[Round "7"]
[White "Atiencia Penaloza, Cristian Damian"]
[Black "Lazzarotti, Calebe Kadlubiski"]
[Result "1/2-1/2"]
[WhiteElo "1680"]
[BlackElo "1850"]
[PlyCount "208"]
[EventDate "2024.10.29"]
[EventType "swiss"]
[EventRounds "11"]
[EventCountry "BRA"]
[SourceTitle "CB45_2024"]
[Source "ChessBase"]
[SourceDate "2024.11.06"]
[SourceVersion "1"]
[SourceVersionDate "2024.11.06"]
[SourceQuality "1"]

1. Nf3 Nf6 2. c4 g6 3. Nc3 d5 4. cxd5 Nxd5 5. g3 Bg7 6. Bg2 0-0 7. 0-0 c5 8. Nxd5 Qxd5 9. d3 Nc6 10. Be3 Bd7 11. Rc1 Qxa2 12. Bxc5 Rac8 13. Ra1 Qxb2 14. Rb1 Qc3 15. Rxb7 Qxc5 16. Rxd7 Qf5 17. Rb7 Rb8 18. Rc7 Rfc8 19. Nh4 Qe6 20. Rxc8+ Rxc8 21. Qa4 Nd4 22. Qxa7 Qxe2 23. Qb7 Re8 24. Qe4 Qb2 25. Nf3 Nf5 26. Re1 Bf6 27. Re2 Qb1+ 28. Re1 Qb6 29. g4 Nd6 30. Qe3 Qb4 31. h3 e6 32. Re2 Rd8 33. Ne5 Bxe5 34. Qxe5 Qb1+ 35. Kh2 Qxd3 36. Re3 Qc2 37. Kg3 Qc7 38. f4 Qd7 39. Rc3 Ne8 40. Bc6 Qd2 41. Bxe8 Rxe8 42. g5 Qd1 43. Qe3 Rd8 44. Rc1 Qd6 45. Rc3 Ra8 46. Qc1 Ra4 47. Qe3 Qd7 48. Rd3 Qe7 49. Rc3 Qb7 50. Rb3 Qe7 51. Rc3 Qd7 52. Rd3 Qe7 53. Qe5 Rb4 54. Qd6 Qxd6 55. Rxd6 Rb3+ 56. Kg4 Rb4 57. Kg3 Kg7 58. Rd7 Rb5 59. Ra7 Rf5 60. h4 h6 61. Rb7 hxg5 62. hxg5 e5 63. fxe5 Rxg5+ 64. Kf4 Rf5+ 65. Ke4 Kf8 66. Rb8+ Kg7 67. Rb7 Rf1 68. Ra7 g5 69. e6 Re1+ 70. Kf5 Rxe6 71. Kxg5 Rf6 72. Rb7 Rf1 73. Ra7 Rb1 74. Rc7 Rb5+ 75. Kg4 Kg6 76. Rc6+ f6 77. Ra6 Rb4+ 78. Kf3 Kg5 79. Ra5+ f5 80. Ra8 Rb3+ 81. Kg2 Kg4 82. Rg8+ Kf4 83. Ra8 Rb2+ 84. Kg1 Re2 85. Rb8 Re5 86. Kf2 Re7 87. Ra8 Rh7 88. Ra4+ Kg5 89. Ra8 Rh2+ 90. Kg3 Rb2 91. Rg8+ Kf6 92. Rf8+ Ke6 93. Re8+ Kf7 94. Re5 Kf6 95. Re8 Rb3+ 96. Kf4 Rb4+ 97. Kf3 Rg4 98. Rf8+ Ke6 99. Re8+ Kf7 100. Re5 Kf6 101. Re8 Kg5 102. Rg8+ Kh4 103. Rh8+ Kg5 104. Rg8+ Kh4 1/2-1/2

[Event "Wch U16"]
[Site "Florianopolis"]
[Date "2024.11.03"]
[Round "6"]
[White "Dos Santos, Felipe Gabriel"]
[Black "Atiencia Penaloza, Cristian Damian"]
[Result "0-1"]
[WhiteElo "1503"]
[BlackElo "1680"]
[PlyCount "86"]
[EventDate "2024.10.29"]
[EventType "swiss"]
[EventRounds "11"]
[EventCountry "BRA"]
[SourceTitle "CB45_2024"]
[Source "ChessBase"]
[SourceDate "2024.11.06"]
[SourceVersion "1"]
[SourceVersionDate "2024.11.06"]
[SourceQuality "1"]

1. e4 c5 2. Nf3 d6 3. d4 cxd4 4. Nxd4 Nf6 5. Nc3 g6 6. Bg5 Bg7 7. f4 0-0 8. Qd2 Nc6 9. Nf3 h6 10. Bh4 Be6 11. 0-0-0 Rc8 12. Bxf6 Bxf6 13. f5 gxf5 14. exf5 Bxf5 15. g4 Bg6 16. Bc4 Nd4 17. Nxd4 Bg5 18. Bb3 Bxd2+ 19. Rxd2 e6 20. h4 d5 21. Nf3 Rxc3 22. bxc3 Be4 23. Rf2 Qa5 24. Rhf1 Qxc3 25. h5 Bxf3 26. Rxf3 Qa1+ 27. Kd2 Qd4+ 28. Ke1 Qxg4 29. Kf2 Qd4+ 30. Ke1 Qh4+ 31. Kd2 Qxh5 32. Rg3+ Kh8 33. Rfg1 Qe5 34. c3 h5 35. Bc2 f5 36. Rh3 Qf4+ 37. Ke1 h4 38. Rgh1 Kg7 39. Rxh4 Qc1+ 40. Bd1 Qxc3+ 41. Kf2 Kf6 42. Rh7 Ke5 43. R7h6 Kd6 0-1

[Event "Las Americas op U1800 Hybrid"]
[Site "Internet"]
[Date "2022.06.04"]
[Round "2.41"]
[White "Atiencia Penaloza, Cristian Damian"]
[Black "Navas Lopez, Leonardo Esteban"]
[Result "0-1"]
[WhiteElo "1315"]
[BlackElo "1590"]
[PlyCount "73"]
[EventDate "2022.06.04"]
[EventType "swiss"]
[EventRounds "6"]
[EventCountry "VEN"]
[SourceTitle "EXT 2024"]
[Source "ChessBase"]
[SourceDate "2023.10.10"]
[SourceVersion "1"]
[SourceVersionDate "2023.10.10"]
[SourceQuality "1"]

1. g3 e5 2. Bg2 d5 3. c4 c6 4. cxd5 cxd5 5. d4 e4 6. a3 Nf6 7. Bg5 h6 8. Bxf6 gxf6 9. Nc3 Bg7 10. e3 Nc6 11. Qb3 Ne7 12. Nh3 Bd7 13. Nf4 Bc6 14. 0-0 h5 15. Qd1 h4 16. Qg4 Kf8 17. Nh5 Ng6 18. Nxg7 Kxg7 19. f4 hxg3 20. Qxg3 f5 21. Qg5 Qxg5 22. fxg5 Ne7 23. Rf4 Rh5 24. Raf1 Rah8 25. h3 Rxg5 26. Kh2 Kf6 27. b4 Ng6 28. R4f2 Ke6 29. Bxe4 dxe4 30. d5+ Bxd5 31. Nxd5 Kxd5 32. Rxf5+ Rxf5 33. Rxf5+ Ke6 34. Rc5 Rd8 35. Rc4 f5 36. Rc7 Rd7 37. Rc8 0-1